| 000 | 01368nam a22003374a 4500 | ||
|---|---|---|---|
| 001 | ebr10170878 | ||
| 003 | CaPaEBR | ||
| 006 | m u | ||
| 007 | cr cn||||||||| | ||
| 008 | 010511s2001 ctuab sb 001 0 eng | ||
| 010 | _z 2001026536 | ||
| 020 | _z0300085397 (alk. paper) | ||
| 040 |
_aCaPaEBR _cCaPaEBR |
||
| 035 | _a(OCoLC)182530366 | ||
| 043 | _aas----- | ||
| 050 | 1 | 4 |
_aQL737.C23 _bB658 2001eb |
| 082 | 0 | 4 |
_a599.756/0959 _221 |
| 100 | 1 |
_aBoomgaard, P., _d1946- |
|
| 245 | 1 | 0 |
_aFrontiers of fear _h[electronic resource] : _btigers and people in the Malay world, 1600-1950 / _cPeter Boomgaard. |
| 260 |
_aNew Haven, Conn. : _bYale University Press, _cc2001. |
||
| 300 |
_axii, 306 p. : _bill., maps. |
||
| 490 | 1 | _aYale agrarian studies series | |
| 504 | _aIncludes bibliographical references (p. 265-291) and index. | ||
| 533 |
_aElectronic reproduction. _bPalo Alto, Calif. : _cebrary, _d2013. _nAvailable via World Wide Web. _nAccess may be limited to ebrary affiliated libraries. |
||
| 650 | 0 |
_aTiger _zSoutheast Asia _xHistory. |
|
| 650 | 0 |
_aHuman-animal relationships _zSoutheast Asia _xHistory. |
|
| 655 | 7 |
_aElectronic books. _2local |
|
| 710 | 2 | _aebrary, Inc. | |
| 830 | 0 | _aYale agrarian studies. | |
| 856 | 4 | 0 |
_uhttp://site.ebrary.com/lib/rucke/Doc?id=10170878 _zAn electronic book accessible through the World Wide Web; click to view |
| 999 |
_c249774 _d249774 |
||